LEADER 00894nam2-2200301---450 001 990000571170203316 005 20190529104145.0 035 $a0057117 035 $aUSA010057117 035 $a(ALEPH)000057117USA01 100 $a20010718d1987----km y1itay5003----ba 101 0 $aita 102 $aIT 200 1 $a<<2.: La>> popolazione di origine italiana in Argentina 210 $aTorino$cFondazione Giovanni Agnelli$d1987 215 $aIII, 613 p.$c16 p. di tav.$d22 cm 461 1$1001990000571120203316$12001$aEuroamericani$v2 606 0 $aEmigrati italiani$2BNCF 676 $a305.851 801 0$aIT$bsalbc$gISBD 912 $a990000571170203316 951 $aII.5. 3311/2 (XV B 490/2)$b96134 LM$cX B 951 $a300 305.851 EUR$b991 DISES 959 $aBK 969 $aUMA 969 $aDISES 996 $aPopolazione di origine italiana in Argentina$9237477 997 $aUNISA